Ernest Hemingway Book: Any Word A-Z Quiz Stats

 Plays Quiz Updated Jul 23, 2017

Support Sporcle.
Go Orange.
Score 0/15 Timer 04:00
0 Plays Today
Letter Answer % Correct
AA...
98.1%
TThe...
95.7%
OOld...
90.4%
SSun...
90.2%
FFarewell...
88%
MMan
86.5%
BBell ...
68.2%
WWhom
65.4%
Letter Answer % Correct
RRises...
65.3%
IIslands...
61.5%
NNot
40%
HHave.
33.4%
EEden
17%
GGarden
14.9%
LLight
13.3%

You're not logged in!

Compare scores with friends on all Sporcle quizzes.
OR
Log In
Forgot?

From the Vault

Provinces of Iraq

by Derek

You've heard these mentioned on NPR, now can you name these Governorates of Iraq?
Remove Ads.
Support Sporcle.
Get the best of Sporcle when you Go Orange. This ad-free experience offers more features, more stats, and more fun while also helping to support Sporcle. Thank you for becoming a member.

Show Comments

Extras

Top Quizzes Today


Score Distribution

Your Account Isn't Verified!

In order to create a playlist on Sporcle, you need to verify the email address you used during registration. Go to your Sporcle Settings to finish the process.

Report this User

Report this user for behavior that violates our Community Guidelines.

Details: